000 00261nam a2200109Ia 4500
008 230312s9999||||xx |||||||||||||| ||und||
082 _a759.95491
_bARM-G
100 _aArmstrong : helen
245 0 _aGraphic design theory
650 _aArchitecture
942 _cBK
999 _c14480
_d14480